The untold stories of the Space Shuttle Program : (Record no. 171638)

MARC details
000 -LEADER
fixed length control field 00969cam a2200253 i 4500
001 - CONTROL NUMBER
control field 1353790148
003 - CONTROL NUMBER IDENTIFIER
control field OSt
005 - DATE AND TIME OF LATEST TRANSACTION
control field 20250613120534.0
008 - FIXED-LENGTH DATA ELEMENTS--GENERAL INFORMATION
fixed length control field 221208s2022 sz a o 001 0 eng d
020 ## - INTERNATIONAL STANDARD BOOK NUMBER
Canceled/invalid ISBN 9783031196522 (paperback)
040 ## - CATALOGING SOURCE
Original cataloging agency GW5XE
Language of cataloging eng
Description conventions rda
Transcribing agency GW5XE
Modifying agency NUST
050 #4 - LIBRARY OF CONGRESS CALL NUMBER
Classification number TL789.8.SIV
100 1# - MAIN ENTRY--PERSONAL NAME
Personal name Sivolella, Davide
Relator term Author
245 14 - TITLE STATEMENT
Title The untold stories of the Space Shuttle Program :
Remainder of title unfulfilled dreams and missions that never flew /
Statement of responsibility, etc. Davide Sivolella.
260 ## - PUBLICATION, DISTRIBUTION, ETC.
Place of publication, distribution, etc. United Kingdom :
Name of publisher, distributor, etc. Praxis Publishing,
Date of publication, distribution, etc. 2022.
300 ## - PHYSICAL DESCRIPTION
Extent xiii, 343 pages :
Other physical details Illustrations ;
Dimensions 24 cm.
336 ## - CONTENT TYPE
Content type term text
Content type code txt
Source rdacontent
337 ## - MEDIA TYPE
Media type term computer
Media type code c
Source rdamedia
338 ## - CARRIER TYPE
Carrier type term online resource
Carrier type code cr
Source rdacarrier
504 ## - BIBLIOGRAPHY, ETC. NOTE
Bibliography, etc. note Includes bibliographical references and index.
650 #0 - SUBJECT ADDED ENTRY--TOPICAL TERM
Form subdivision Space shuttles -- United States -- History.
650 #0 - SUBJECT ADDED ENTRY--TOPICAL TERM
Form subdivision Space Shuttle Program (U.S.) -- History.
942 ## - ADDED ENTRY ELEMENTS (KOHA)
Source of classification or shelving scheme Library of Congress Classification
Koha item type Ordinary Loan Books
Classification part TL789.8.U6 SIV
Call number prefix TL
Call number suffix SIV
Suppress in OPAC No
Holdings
Withdrawn status Lost status Source of classification or shelving scheme Damaged status Not for loan Collection Home library Current library Shelving location Date acquired Source of acquisition Cost, normal purchase price Total Checkouts Full call number Barcode Date last seen Accession number Cost, replacement price Price effective from Koha item type Public note
    LCC     NFIC MAIN MAIN GEN 04/16/2025 Book Aid International 40.00   TL789.8 SIV 92004054787 04/16/2025 61687 40.00 04/16/2025 BOOKS Donation